| 000 | 00000nam##2200000za#4500 |
| 001 | 9.578649 |
| 003 | CaOODSP |
| 005 | 20210624190204 |
| 007 | cr ||||||||||| |
| 008 | 150406|2008||||xxc|||||o f|0| 0 eng|d |
| 040 | |aCaOODSP|beng |
| 043 | |an-cn--- |
| 086 | 1 |aFs3-4/2008-01E-PDF |
| 110 | 1 |aCanada. |bDepartment of Fisheries and Oceans. |
| 245 | 10|aTransboundary Resources Assessment Committee (TRAC) : |h[electronic resource]|breport of meetings held 23-26 June 2008 and 12-13 August 2008, Stephen H. Clark Conference Room, Woods Hole Laboratory, Northeast Fisheries Science Center, Woods Hole, Massachusetts, United States / |cmeeting chairpersons L. O'Brien and T. Worcester. |
| 260 | |aOttawa - Ontario : |bFisheries and Oceans Canada |cJanuary 2009. |
| 300 | |a35p.|bfig., tables |
| 490 | 1 |aTransboundary Resource Assessment Committee proceedings|v2008/01 |
| 546 | |a(Résumé et avant-propos en français) |
| 590 | |a14-10-Supp|b2014-05-08 |
| 830 | #0|aTransboundary Resource Assessment Committee proceedings ;|v2008/01|w(CaOODSP)9.507741 |
| 856 | 40|ahttp://publications.gc.ca|qPDF|s128 KB|uhttps://publications.gc.ca/collections/collection_2014/mpo-dfo/Fs3-4-2008-01-eng.pdf|y2008/01 |